Tableau des médailles olympiques - Judo - Statistiques

Statistiques générales
  • Ce quiz a été pris 205 fois
  • Le résultat moyen est 11 sur 15
Statistiques - réponses
Total Or Argent Bronze Pays % Correct
67 18 15 34 France
100%
104 51 23 30 Japon
100%
16 5 4 7 Russie
87%
22 4 4 15 Allemagne
86%
23 8 3 12 Chine
86%
51 11 19 21 Corée du Sud
86%
18 5 4 9 Italie
83%
28 5 4 19 Brésil
80%
14 2 4 8 États-Unis
80%
20 0 8 12 Grande-Bretagne
73%
15 5 7 3 Géorgie
70%
24 4 2 18 Pays-Bas
54%
14 2 1 11 Belgique
45%
37 6 15 16 Cuba
34%
23 5 5 13 Union soviétique
28%
Aucun quiz correspondant
Distribution des résultats
% des personnes avec chaque résultat
Percentile par nombre de réponses
Votre historique - résultats
Vous n’avez pas pris ce quiz